00400pab a2200121 454500008004000000100002100040245010500061260000900166300001200175362001200187650004500199773003400244180718b1989 xxu||||| |||| 00| 0 eng d aPatnaik, Prabhat aBOP problems of developing countries and international division of labourbSome theorotical comments c1989 aPE-91-3 a29 July aForeign Commerce - Under Developed Areas aEconomic and Political Weekly